[Event "Tocancipa Cundinamarca Cup"]
[Site "Tocancipa"]
[Date "2024.05.11"]
[Round "3"]
[White "Contreras Gonzalez, Cristian David"]
[Black "Parra Varon, Diego Alexander"]
[Result "0-1"]
[WhiteElo "1554"]
[BlackElo "1864"]
[PlyCount "32"]
[EventDate "2024.05.11"]
[EventType "swiss"]
[EventRounds "6"]
[EventCountry "COL"]
[SourceTitle "CBM 220 Extra"]
[Source "ChessBase"]
[SourceDate "2024.07.31"]
[SourceVersion "1"]
[SourceVersionDate "2024.07.31"]
[SourceQuality "1"]

1. d4 Nf6 2. Nf3 e6 3. Bf4 c5 4. e3 Qb6 5. Qc1 Nc6 6. c3 Be7 7. Nbd2 d6 8. h3 cxd4 9. exd4 0-0 10. Bd3 a6 11. 0-0 Bd7 12. Re1 Rac8 13. Qd1 Qxb2 14. Qb3 Qxb3 15. axb3 Nd5 16. Bh2 Nxc3 0-1

[Event "COL-ch Blitz"]
[Site "Villavicencio"]
[Date "2021.11.15"]
[Round "3"]
[White "Parra Varon, Diego Alexander"]
[Black "Barrientos Chavarriaga, Sergio E"]
[Result "0-1"]
[WhiteElo "1881"]
[BlackElo "2485"]
[PlyCount "62"]
[EventDate "2021.11.15"]
[EventType "swiss (blitz)"]
[EventRounds "13"]
[EventCountry "COL"]
[SourceTitle "CBM 205 Extra"]
[Source "ChessBase"]
[SourceDate "2022.01.31"]
[SourceVersion "1"]
[SourceVersionDate "2022.01.31"]
[SourceQuality "1"]

1. d4 Nf6 2. Nf3 e6 3. Bg5 c5 4. e3 h6 5. Bh4 cxd4 6. exd4 Be7 7. Bd3 b6 8. Nbd2 Bb7 9. 0-0 0-0 10. c3 d6 11. Qe2 a6 12. Rad1 Nbd7 13. Rfe1 Re8 14. Bb1 Qc7 15. h3 b5 16. a3 Nf8 17. Nf1 Nh5 18. Bxe7 Qxe7 19. Ne3 Nf4 20. Qc2 Bxf3 21. gxf3 Nxh3+ 22. Kf1 Nf4 23. Nf5 Qg5 24. Ng3 Qh4 25. Re4 N8g6 26. Ke1 d5 27. Re5 f5 28. Kd2 Nxe5 29. dxe5 Qg5 30. Ke1 Ng2+ 31. Kf1 Ne3+ 0-1

[Event "Medellin Navideno op"]
[Site "Medellin"]
[Date "2015.12.11"]
[Round "2"]
[White "Laverde, Luis Eduardo"]
[Black "Parra Varon, Diego Alexander"]
[Result "1/2-1/2"]
[WhiteElo "2180"]
[BlackElo "1873"]
[PlyCount "54"]
[EventDate "2015.12.10"]
[EventType "swiss"]
[EventRounds "7"]
[EventCountry "COL"]
[SourceTitle "CBM 169 Extra"]
[Source "ChessBase"]
[SourceDate "2015.12.18"]
[SourceVersion "1"]
[SourceVersionDate "2015.12.18"]
[SourceQuality "1"]

1. e4 c5 2. Nf3 e6 3. d4 cxd4 4. Nxd4 a6 5. c4 Qc7 6. Nc2 Nf6 7. Nc3 Nc6 8. Be2 b6 9. 0-0 Bb7 10. f4 Nb4 11. a3 Nxc2 12. Qxc2 d5 13. e5 Nd7 14. cxd5 Bxd5 15. Qd3 Bc5+ 16. Kh1 Bb7 17. b4 Be7 18. Bb2 Rd8 19. Qg3 0-0 20. Rac1 Qb8 21. Bd3 Qa8 22. f5 Nxe5 23. Bb1 Rd2 24. Rf2 Rxf2 25. Qxf2 exf5 26. Bxf5 Bf6 27. Bd3 Nxd3 1/2-1/2

[Event "COL-chT Cup"]
[Site "Bogota"]
[Date "2015.06.06"]
[Round "2.4"]
[White "Parra Varon, Diego Alexander"]
[Black "Fraile Vela, Maria Isabel"]
[Result "1-0"]
[WhiteElo "1895"]
[BlackElo "1586"]
[PlyCount "29"]
[EventDate "2015.06.06"]
[EventType "team-swiss"]
[EventRounds "6"]
[EventCountry "COL"]
[SourceTitle "CBM 166 Extra"]
[Source "ChessBase"]
[SourceDate "2015.06.18"]
[SourceVersion "1"]
[SourceVersionDate "2015.06.18"]
[SourceQuality "1"]
[WhiteTeam "Shabaku Cun"]
[BlackTeam "Bogota Sicoopweb"]
[WhiteTeamCountry "COL"]
[BlackTeamCountry "COL"]

1. e4 e5 2. Nf3 Nf6 3. Nxe5 d6 4. Nf3 Nxe4 5. d4 d5 6. Bd3 Be7 7. 0-0 0-0 8. c4 c6 9. Qc2 f5 10. Ne5 Nd7 11. f3 Nxe5 12. dxe5 Nc5 13. Be2 Be6 14. Be3 f4 15. Bf2 1-0

[Event "COL-chT Cup"]
[Site "Bogota"]
[Date "2015.06.06"]
[Round "1.4"]
[White "Valle, Efrain"]
[Black "Parra Varon, Diego Alexander"]
[Result "1-0"]
[WhiteElo "2180"]
[BlackElo "1895"]
[PlyCount "71"]
[EventDate "2015.06.06"]
[EventType "team-swiss"]
[EventRounds "6"]
[EventCountry "COL"]
[SourceTitle "CBM 166 Extra"]
[Source "ChessBase"]
[SourceDate "2015.06.18"]
[SourceVersion "1"]
[SourceVersionDate "2015.06.18"]
[SourceQuality "1"]
[WhiteTeam "Bogota"]
[BlackTeam "Shabaku Cun"]
[WhiteTeamCountry "COL"]
[BlackTeamCountry "COL"]

1. e4 c5 2. Nf3 e6 3. d4 cxd4 4. Nxd4 a6 5. c4 d6 6. Bd3 g6 7. Be3 Bg7 8. 0-0 Ne7 9. Nc3 Nec6 10. Nb3 0-0 11. f4 Nd7 12. Be2 Qe7 13. Qe1 Nc5 14. Nxc5 dxc5 15. e5 b6 16. Na4 Rb8 17. Rd1 Rd8 18. Qf2 Qc7 19. Rxd8+ Nxd8 20. b4 Bd7 21. b5 axb5 22. cxb5 Qa7 23. Nc3 Qa5 24. Rc1 f6 25. exf6 Bxf6 26. Ne4 Be7 27. Bd2 Qa3 28. Bc4 Nf7 29. Rc2 Rf8 30. Bc3 Nd6 31. Nxd6 Bxd6 32. Qd2 Qa4 33. Qe2 Re8 34. Rd2 Qa3 35. Bb2 Qb4 36. a3 1-0

[Event "Mosquera op"]
[Site "Mosquera"]
[Date "2014.11.03"]
[Round "9"]
[White "Parra Varon, Diego Alexander"]
[Black "Ardila, Donaldo"]
[Result "0-1"]
[WhiteElo "1889"]
[BlackElo "2059"]
[PlyCount "64"]
[EventDate "2014.10.30"]
[EventType "swiss"]
[EventRounds "9"]
[EventCountry "COL"]
[SourceTitle "EXT 2015"]
[Source "ChessBase"]
[SourceDate "2014.11.20"]
[SourceVersion "1"]
[SourceVersionDate "2014.11.20"]
[SourceQuality "1"]

1. d4 d5 2. Nf3 Bf5 3. c3 e6 4. Bf4 Nf6 5. Nbd2 Be7 6. e3 0-0 7. Be2 Nbd7 8. Ne5 c5 9. g4 Be4 10. f3 Bg6 11. h4 h6 12. Nxg6 fxg6 13. Qc2 cxd4 14. cxd4 Qe8 15. Bd3 Rc8 16. Qb1 Bb4 17. Bxg6 Qe7 18. a3 Bxd2+ 19. Kxd2 e5 20. dxe5 Nxe5 21. Ke2 Rc6 22. g5 Nxg6 23. gxf6 Nxf4+ 24. Kf2 Qc5 25. fxg7 Re8 26. Re1 Rg6 27. Qd1 Rg2+ 28. Kf1 Qc4+ 29. Re2 Qxe2+ 30. Qxe2 Rxe2 31. exf4 Rxb2 32. Rd1 Rc8 0-1

[Event "Mosquera op"]
[Site "Mosquera"]
[Date "2014.11.01"]
[Round "4"]
[White "Parra Varon, Diego Alexander"]
[Black "Rico, Oswaldo"]
[Result "1-0"]
[WhiteElo "1889"]
[BlackElo "1990"]
[PlyCount "51"]
[EventDate "2014.10.30"]
[EventType "swiss"]
[EventRounds "9"]
[EventCountry "COL"]
[SourceTitle "EXT 2015"]
[Source "ChessBase"]
[SourceDate "2014.11.20"]
[SourceVersion "1"]
[SourceVersionDate "2014.11.20"]
[SourceQuality "1"]

1. d4 Nf6 2. Nf3 d5 3. Bg5 e6 4. Nbd2 Be7 5. e3 0-0 6. Bd3 Nbd7 7. Ne5 Re8 8. Qf3 Nxe5 9. dxe5 Ne4 10. Bxe7 Qxe7 11. Nxe4 dxe4 12. Qxe4 f5 13. exf6 gxf6 14. 0-0-0 f5 15. Qf3 c5 16. g4 Qf7 17. Bc4 Kh8 18. gxf5 Qxf5 19. Qg3 Rg8 20. Qh4 b5 21. Bd3 Qf7 22. Rhg1 Rxg1 23. Rxg1 Bb7 24. Bxh7 Qxh7 25. Qf6+ Qg7 26. Qxg7# 1-0

[Event "Mosquera op"]
[Site "Mosquera"]
[Date "2014.10.31"]
[Round "2"]
[White "Parra Varon, Diego Alexander"]
[Black "Cifuentes, John Jairo"]
[Result "0-1"]
[WhiteElo "1889"]
[BlackElo "2201"]
[PlyCount "54"]
[EventDate "2014.10.30"]
[EventType "swiss"]
[EventRounds "9"]
[EventCountry "COL"]
[SourceTitle "EXT 2015"]
[Source "ChessBase"]
[SourceDate "2014.11.20"]
[SourceVersion "1"]
[SourceVersionDate "2014.11.20"]
[SourceQuality "1"]

1. d4 Nf6 2. Nf3 b6 3. Bg5 Bb7 4. Nbd2 d5 5. e3 Nbd7 6. Bd3 e6 7. 0-0 Be7 8. c4 0-0 9. Ne5 Nxe5 10. dxe5 Ne4 11. Bxe7 Qxe7 12. Bxe4 dxe4 13. Qc2 Qg5 14. Qc3 Rad8 15. Rfd1 Rd3 16. Qc2 Qxe5 17. Nf1 Rfd8 18. Qa4 a6 19. b4 g6 20. Rdc1 Rc3 21. Rd1 Rcd3 22. Rdc1 Rc3 23. Rd1 Rdd3 24. Qe8+ Kg7 25. Rdc1 Rxc1 26. Rxc1 Qb2 27. Re1 Qxb4 0-1

[Event "Ortega op 4th"]
[Site "Ortega"]
[Date "2014.07.05"]
[Round "5"]
[White "Rozo, Claudia Magally"]
[Black "Parra Varon, Diego Alexander"]
[Result "1/2-1/2"]
[WhiteElo "1526"]
[BlackElo "1905"]
[PlyCount "29"]
[EventDate "2014.07.03"]
[EventType "swiss"]
[EventRounds "7"]
[EventCountry "COL"]
[SourceTitle "EXT 2015"]
[Source "ChessBase"]
[SourceDate "2014.11.20"]
[SourceVersion "1"]
[SourceVersionDate "2014.11.20"]
[SourceQuality "1"]

1. d4 Nf6 2. Nf3 e6 3. Bg5 c5 4. c3 Be7 5. Nbd2 cxd4 6. cxd4 Qa5 7. Bxf6 Bxf6 8. e3 b6 9. Bd3 Ba6 10. Bxa6 Qxa6 11. Qe2 0-0 12. Qxa6 Nxa6 13. Ne4 Be7 14. 0-0 Rac8 15. Rac1 1/2-1/2

[Event "Bogota McGregor op 4th"]
[Site "Bogota"]
[Date "2013.12.07"]
[Round "7"]
[White "Valderrama Quiceno, Esteban Alberto"]
[Black "Parra Varon, Diego Alexander"]
[Result "1-0"]
[WhiteElo "2238"]
[BlackElo "1909"]
[PlyCount "43"]
[EventDate "2013.12.04"]
[EventType "swiss"]
[EventRounds "9"]
[EventCountry "COL"]
[SourceTitle "CBM 157 Extra"]
[Source "ChessBase"]
[SourceDate "2013.12.19"]
[SourceVersion "1"]
[SourceVersionDate "2013.12.19"]
[SourceQuality "1"]

1. e4 c5 2. Nf3 g6 3. d4 cxd4 4. Nxd4 Bg7 5. c4 Nc6 6. Be3 Nf6 7. Nc3 0-0 8. Be2 a6 9. 0-0 Nxd4 10. Bxd4 Qa5 11. e5 Ne8 12. Nd5 b5 13. a4 bxc4 14. Bb6 Qxb6 15. Nxb6 Rb8 16. Nxc8 Rxc8 17. Qxd7 Rc7 18. Qd4 Nd6 19. exd6 Bxd4 20. dxc7 Bxb2 21. Bxc4 Bxa1 22. Bxa6 1-0

[Event "Bogota University op 7th"]
[Site "Bogota"]
[Date "2013.10.12"]
[Round "6"]
[White "Gamboa Giraldo, Juan Esteban"]
[Black "Parra Varon, Diego Alexander"]
[Result "1/2-1/2"]
[WhiteElo "1712"]
[BlackElo "1912"]
[PlyCount "87"]
[EventDate "2013.10.10"]
[EventType "swiss"]
[EventRounds "9"]
[EventCountry "COL"]
[SourceTitle "CBM 156 Extra"]
[Source "ChessBase"]
[SourceDate "2013.10.22"]
[SourceVersion "1"]
[SourceVersionDate "2013.10.22"]
[SourceQuality "1"]

1. e4 c5 2. Nf3 Nc6 3. d4 cxd4 4. Nxd4 g6 5. Bc4 Bg7 6. Be3 Nf6 7. Nc3 0-0 8. 0-0 Nxd4 9. Bxd4 Qc7 10. Bb3 d6 11. Re1 Bd7 12. e5 dxe5 13. Bxe5 Qd8 14. Re2 Bc6 15. Rd2 Qa5 16. Nd5 Bxd5 17. Bxd5 Rad8 18. b4 Qxb4 19. Bxf7+ Kxf7 20. Rxd8 Rxd8 21. Qxd8 Qc5 22. Qd4 Qxc2 23. Qxa7 b5 24. h3 b4 25. Bd6 Nd5 26. Re1 Bf6 27. Qb7 Qd2 28. Re4 Qxa2 29. Kh2 Qd2 30. Bxb4 Nxb4 31. Qxb4 Qxf2 32. Qc4+ Kg7 33. Qe2 Qa7 34. g4 Qc7+ 35. Kg2 Bh4 36. Qe3 Qc2+ 37. Qe2 Qc6 38. Qf3 Qd6 39. Qe3 Qc6 40. Qf3 Qf6 41. Qxf6+ Bxf6 42. Kf3 Kf7 43. Kf4 Bc3 44. g5 1/2-1/2

[Event "Bogota II IRT Sabana"]
[Site "Bogota"]
[Date "2013.09.21"]
[Round "5.3"]
[White "Parra Varon, Diego Alexander"]
[Black "Nieto, Manuel Valerio Wald"]
[Result "0-1"]
[WhiteElo "1912"]
[BlackElo "2017"]
[PlyCount "24"]
[EventDate "2013.09.19"]
[EventType "tourn"]
[EventRounds "10"]
[EventCountry "COL"]
[SourceTitle "EXT 2024"]
[Source "ChessBase"]
[SourceDate "2023.10.10"]
[SourceVersion "1"]
[SourceVersionDate "2023.10.10"]
[SourceQuality "1"]

1. d4 Nf6 2. Nf3 c5 3. d5 b5 4. c4 bxc4 5. Nc3 e6 6. dxe6 fxe6 7. e4 Bb7 8. Bg5 Be7 9. e5 Nd5 10. Ne4 0-0 11. Nxc5 Qa5+ 12. Nd2 Qxc5 0-1

[Event "COL-ch"]
[Site "Ibague"]
[Date "2013.07.05"]
[Round "7"]
[White "Dabraccio, Guillermo"]
[Black "Parra Varon, Diego Alexander"]
[Result "1-0"]
[WhiteElo "1752"]
[BlackElo "1922"]
[PlyCount "101"]
[EventDate "2013.07.01"]
[EventType "swiss"]
[EventRounds "11"]
[EventCountry "COL"]
[SourceTitle "EXT 2014"]
[Source "ChessBase"]
[SourceDate "2013.11.20"]
[SourceVersion "1"]
[SourceVersionDate "2013.11.20"]
[SourceQuality "1"]

1. d4 Nf6 2. Nf3 g6 3. Bf4 Bg7 4. e3 d6 5. Be2 0-0 6. h3 c5 7. c3 Qb6 8. Qc1 Nc6 9. dxc5 Qxc5 10. Nbd2 Qb6 11. Nb3 Re8 12. 0-0 Be6 13. Nfd4 Nxd4 14. Nxd4 Bxh3 15. gxh3 e5 16. Bxe5 dxe5 17. Nf3 Qe6 18. Kg2 Ne4 19. Qc2 f5 20. Qb3 Kf7 21. Rfd1 Kf6 22. Qxe6+ Kxe6 23. Rd3 Red8 24. Rad1 Bf6 25. Rxd8 Rxd8 26. Bc4+ Ke7 27. Rxd8 Kxd8 28. Bg8 h6 29. Bh7 g5 30. Bxf5 Nd6 31. Be6 b5 32. Nd2 Kc7 33. Kf3 Kb6 34. e4 a5 35. Kg4 Kc5 36. Nb3+ Kb6 37. f3 Nc4 38. Bxc4 bxc4 39. Nd2 Kb5 40. Kf5 Bg7 41. Kg6 Bf8 42. Kf5 Bg7 43. Ke6 h5 44. Kf5 Bh6 45. Kg6 g4 46. Kxh6 g3 47. f4 a4 48. a3 exf4 49. Nf3 Kc5 50. Kxh5 Kd6 51. Kg5 1-0

[Event "Sopo op"]
[Site "Sopo"]
[Date "2013.04.27"]
[Round "2"]
[White "Parra Varon, Diego Alexander"]
[Black "Rozo, Claudia Magally"]
[Result "1-0"]
[WhiteElo "1929"]
[BlackElo "1409"]
[PlyCount "28"]
[EventDate "2013.04.26"]
[EventType "swiss"]
[EventRounds "5"]
[EventCountry "COL"]
[SourceTitle "CBM 154 Extra"]
[Source "ChessBase"]
[SourceDate "2013.06.25"]
[SourceVersion "2"]
[SourceVersionDate "2013.06.25"]
[SourceQuality "1"]

1. d4 Nf6 2. Nf3 g6 3. Bg5 Bg7 4. Nbd2 d6 5. e3 0-0 6. Bd3 Nbd7 7. c4 c6 8. 0-0 Qb6 9. Qc2 e5 10. Rab1 Re8 11. h3 Nf8 12. Bxf6 Bxf6 13. Ne4 Qd8 14. Nxf6+ Qxf6 1-0

[Event "Bogota Ingenieria IRT"]
[Site "Bogota"]
[Date "2012.10.30"]
[Round "8"]
[White "Hernandez, Daniel Santiago"]
[Black "Parra Varon, Diego Alexander"]
[Result "0-1"]
[WhiteElo "1971"]
[BlackElo "1946"]
[PlyCount "62"]
[EventDate "2012.10.27"]
[EventType "tourn"]
[EventRounds "10"]
[EventCountry "COL"]
[SourceTitle "EXT 2015"]
[Source "ChessBase"]
[SourceDate "2014.11.20"]
[SourceVersion "1"]
[SourceVersionDate "2014.11.20"]
[SourceQuality "1"]

1. c4 Nf6 2. Nc3 g6 3. e3 Bg7 4. d4 0-0 5. b3 d6 6. Bb2 c6 7. Nf3 Qc7 8. Rc1 Nbd7 9. Bd3 e5 10. Qc2 Re8 11. dxe5 dxe5 12. Nd2 Nc5 13. Be2 Nfd7 14. e4 Ne6 15. Nf3 Nd4 16. Nxd4 exd4 17. Nd1 Nc5 18. f3 Qa5+ 19. Kf2 Qxa2 20. b4 d3 21. Bxd3 Nxd3+ 22. Qxd3 Bxb2 23. Rc2 Bd4+ 24. Kg3 Qa4 25. Nc3 Bxc3 26. Qxc3 Qa6 27. c5 b5 28. cxb6 Qxb6 29. Qxc6 Be6 30. Qxb6 axb6 31. Rc6 b5 0-1

[Event "Bogota Ingenieria IRT"]
[Site "Bogota"]
[Date "2012.10.28"]
[Round "3"]
[White "Parra Varon, Diego Alexander"]
[Black "Hernandez, Daniel Santiago"]
[Result "1/2-1/2"]
[WhiteElo "1946"]
[BlackElo "1971"]
[PlyCount "35"]
[EventDate "2012.10.27"]
[EventType "tourn"]
[EventRounds "10"]
[EventCountry "COL"]
[SourceTitle "EXT 2015"]
[Source "ChessBase"]
[SourceDate "2014.11.20"]
[SourceVersion "1"]
[SourceVersionDate "2014.11.20"]
[SourceQuality "1"]

1. d4 c6 2. Nf3 d5 3. c3 Bf5 4. Bg5 Nd7 5. Nbd2 Ngf6 6. e3 e6 7. Ne5 Be7 8. c4 Nxe5 9. dxe5 Ne4 10. Bxe7 Qxe7 11. Be2 Qb4 12. f3 Nxd2 13. Qxd2 Qxd2+ 14. Kxd2 dxc4 15. e4 Rd8+ 16. Ke3 Bg6 17. Bxc4 Ke7 18. Rad1 1/2-1/2

[Event "Bogota Ingenieria IRT"]
[Site "Bogota"]
[Date "2012.10.27"]
[Round "2"]
[White "Nieto, Manuel Valerio Wald"]
[Black "Parra Varon, Diego Alexander"]
[Result "1-0"]
[WhiteElo "1927"]
[BlackElo "1946"]
[PlyCount "103"]
[EventDate "2012.10.27"]
[EventType "tourn"]
[EventRounds "10"]
[EventCountry "COL"]
[SourceTitle "EXT 2015"]
[Source "ChessBase"]
[SourceDate "2014.11.20"]
[SourceVersion "1"]
[SourceVersionDate "2014.11.20"]
[SourceQuality "1"]

1. Nf3 d6 2. g3 Nf6 3. Bg2 g6 4. c4 Bg7 5. Nc3 0-0 6. 0-0 c6 7. d3 e5 8. Rb1 h6 9. b4 Be6 10. Nd2 Qd7 11. Nb3 Bh3 12. b5 Bxg2 13. Kxg2 a5 14. a4 Qe7 15. Qc2 d5 16. bxc6 bxc6 17. cxd5 Nxd5 18. Nxd5 cxd5 19. Bd2 Na6 20. Nxa5 Rfc8 21. Qa2 Qe6 22. Rfc1 e4 23. Rxc8+ Rxc8 24. Rc1 Rxc1 25. Bxc1 exd3 26. exd3 Nc5 27. Qc2 Qb6 28. Ba3 Nxd3 29. Qxd3 Qxa5 30. Qb5 Bc3 31. Qxa5 Bxa5 32. Bc5 f5 33. Kf3 Kf7 34. Ke3 Kf6 35. Kd4 Ke6 36. f3 g5 37. g4 Be1 38. Ke3 Ba5 39. h3 Bc3 40. Bd4 Bb4 41. Kd3 fxg4 42. fxg4 Kf7 43. Bc3 Bc5 44. a5 Kg6 45. a6 Ba7 46. Bd4 Bb8 47. a7 Bxa7 48. Bxa7 h5 49. Kd4 hxg4 50. hxg4 Kg7 51. Kxd5 Kg6 52. Ke6 1-0

[Event "Bogota op 05"]
[Site "Bogota"]
[Date "2012.05.19"]
[Round "3"]
[White "Parra Varon, Diego Alexander"]
[Black "Cabiativa, Jose Rene"]
[Result "1-0"]
[WhiteElo "1946"]
[BlackElo "1554"]
[PlyCount "43"]
[EventDate "2012.05.18"]
[EventType "swiss"]
[EventRounds "7"]
[EventCountry "COL"]
[SourceTitle "CBM 148 Extra"]
[Source "ChessBase"]
[SourceDate "2012.06.22"]
[SourceVersion "1"]
[SourceVersionDate "2012.06.22"]
[SourceQuality "1"]

1. d4 Nf6 2. Nf3 g6 3. Bg5 Bg7 4. e3 0-0 5. Nbd2 b6 6. Bd3 Bb7 7. c3 d6 8. Rc1 Nbd7 9. Bb1 d5 10. h4 Ne8 11. h5 Ba6 12. hxg6 fxg6 13. Bxg6 hxg6 14. Qc2 Rf5 15. g4 Rxg5 16. Nxg5 Nf8 17. f4 Qd6 18. Ndf3 Nf6 19. Ne5 N8d7 20. Qxg6 Rf8 21. Nef7 Bd3 22. Rh8# 1-0

[Event "Bogota McGregor op 2nd"]
[Site "Bogota"]
[Date "2011.12.08"]
[Round "6"]
[White "Laverde, Luis Eduardo"]
[Black "Parra Varon, Diego Alexander"]
[Result "1-0"]
[WhiteElo "2130"]
[BlackElo "1851"]
[PlyCount "47"]
[EventDate "2011.12.06"]
[EventType "swiss"]
[EventRounds "10"]
[EventCountry "COL"]
[SourceTitle "CBM 145 Extra"]
[Source "ChessBase"]
[SourceDate "2012.01.03"]
[SourceVersion "1"]
[SourceVersionDate "2012.01.03"]
[SourceQuality "1"]

1. e4 c5 2. Nc3 d6 3. f4 Nc6 4. Bc4 Nf6 5. Nf3 a6 6. a4 g6 7. 0-0 Bg7 8. d3 0-0 9. Qe1 Bd7 10. e5 dxe5 11. fxe5 Ng4 12. e6 Be8 13. exf7+ Bxf7 14. Bxf7+ Rxf7 15. h3 Nge5 16. Nxe5 Rxf1+ 17. Qxf1 Bxe5 18. Bh6 Qd4+ 19. Qf2 Qb4 20. Rf1 Bd4 21. Be3 Qxb2 22. Bxd4 cxd4 23. Nd5 Qa3 24. Nc7 1-0